000 00828nam a22002657a 4500
001 78021
003 BD-RjUL
005 20211209083059.0
008 210306b ||||| |||| 00| 0 eng d
020 _a0256026459
035 _a(BD-RjUL)78247
040 _aDLC
_beng
_cBD-RjUL
_dBD-RjUL
041 _aeng
082 _223
_a658.02
_bCRS 1982
100 1 _aCravens, David W.
_9183241
245 1 0 _aStrategic Marketing /
_cDavid W. Cravens
264 _aHomewood, Ill. :
_bRichard D. Irwin,
_cc1982
300 _axv, 456 p. :
_bIll. ;
_c24 cm.
490 _aThe Irwin series in Marketing
504 _aIncludes Bibliographical Refrences and index
650 _aMarketing
_xDecision making.
_9245621
650 _aMarketing
_xManagement.
_9245622
830 _aThe Irwin series in Marketing
_9245623
942 _2ddc
_cBK
999 _c78021
_d78021